000 01139nam a22002657a 4500
003 BPGM
008 260630s2003 mx la||| |||| 001 u spa d
020 _aISBN 968-6836-18-7
040 _bspa
041 _aSPA
_hSPA
082 0 4 _a348.02
_bH32
100 _aMiguel León-Portilla
_eMaximiliano de Habsburgo
240 _aORDENANZAS DE TEMA INDÌGENA EN CASTELLANO Y NÀHUTL
242 _aORDENANZAS DE TEMA INDÌGENA EN CASTELLANO Y NÀHUTL
_bEXPEDIDAS POR MAXIMILIANO DE HABSBURGO
245 _aORDENANZAS DE TEMA INDÌGENA EN CASTELLANO Y NÀHUTL
_bEXPEDIDAS POR MAXIMILIANO DE HABSBURGO
_cMIGUEL LEÒN-PORTILLA
260 _aGobierno del Estado de Querétaro
_bMiguel León-Portilla
_cENERO DEL 2003
300 _a45 paginas
_c30,5 cmX 23,6
336 _2rdacontent
_atexto
_btxt
337 _2rdamedia
_asin mediación
_bn
338 _2rdacarrier
_avolumen
_bnc
600 _aMiguel León-Portilla
_cMaximiliano de Habsburgo
650 _aLEYES (ESTATUTOS), REGLAMENTACIONES, JURISPRUDENCIA
_vCIENCIAS SOCIALES
_xOBRAS ENCICLOPEDIAS GENERALES
700 _aMiguel León-Portilla
_eMaximiliano de Habsburgo
942 _2ddc
_cCOLQ
999 _c68717
_d68717